| 000 | 01396nam a22001577a 4500 | ||
|---|---|---|---|
| 041 | _aukr | ||
| 080 | _a09 | ||
| 090 | _bЛОМ | ||
| 100 | _aЛомізова І.С. | ||
| 245 | _aАмериканський шкільний сленг | ||
| 260 |
_aОстрог _bКАФ _c2007 |
||
| 300 | _a47 | ||
| 520 |
_aВступ.
Розділ 1. Поняття «сленгу» та його соціальні характеристики в англійській мові.
1.1. Етимологія сленгу ат його визначення в науковій літературі.
1.2. Визначення та класифікація соціального діалекту.
1.3. Структурні особливості англійського сленгу.
1.4. Територіальні різновиди сленгу.
Розділ 2. Опис особливостей вживання американського шкільного сленгу.
2.1. Вираження поняття «дівчина» засобами сленгових одиниць.
2.2. Вираження поняття «хлопець» засобами сленгових одиниць.
2.3. Вираження поняття «любові» за допомогою сленгу.
Висновки. _0сленг, американський сленг |
||
| 650 | _aResearch Papers | ||
| 999 |
_c283949 _d283949 |
||
| 942 | _cBK | ||